| 000 | 00488cam a2200169ua 4500 | ||
|---|---|---|---|
| 041 |
_aeng _h |
||
| 082 |
_a823.308 _bSTE/MA |
||
| 100 | _aStevenson, Robert Louis . | ||
| 245 |
_aMaster of Ballantrae weir of Hermiston / _cRobert Louis Stevenson. _hTextual Documents |
||
| 260 |
_aLondon : _bJ M Dent and Sons Ltd , _c1956. |
||
| 300 | _a312 ; . | ||
| 440 | 0 |
_aEveryman`s library, _v764 _x; |
|
| 490 | 0 |
_aEveryman`s library, _v764 _x; |
|
| 504 | _a | ||
| 942 | _cBK | ||
| 999 |
_c1039 _d1039 |
||